<?xml version="1.0" encoding="UTF-8"?>
<record
    xmlns:xsi="http://www.w3.org/2001/XMLSchema-instance"
    xsi:schemaLocation="http://www.loc.gov/MARC21/slim http://www.loc.gov/standards/marcxml/schema/MARC21slim.xsd"
    xmlns="http://www.loc.gov/MARC21/slim">

  <leader>00900nam a2200253Ia 4500</leader>
  <controlfield tag="005">20250622124034.0</controlfield>
  <controlfield tag="008">250617s9999||||xx |||||||||||||| ||ara||</controlfield>
  <datafield tag="017" ind1=" " ind2=" ">
    <subfield code="a">2019/2815</subfield>
    <subfield code="b">&#x645;&#x635;&#x631;. &#x62F;&#x627;&#x631; &#x627;&#x644;&#x643;&#x62A;&#x628;</subfield>
  </datafield>
  <datafield tag="020" ind1=" " ind2=" ">
    <subfield code="a">9789774262725</subfield>
  </datafield>
  <datafield tag="082" ind1="0" ind2="4">
    <subfield code="a">158</subfield>
    <subfield code="b">&#x623; &#x631;</subfield>
  </datafield>
  <datafield tag="100" ind1="0" ind2=" ">
    <subfield code="a">&#x623;&#x62D;&#x645;&#x62F; &#x647;&#x627;&#x631;&#x648;&#x646;</subfield>
  </datafield>
  <datafield tag="245" ind1="1" ind2="0">
    <subfield code="a">&#x631;&#x648;&#x634;&#x62A;&#x629; &#x633;&#x639;&#x627;&#x62F;&#x629; : </subfield>
    <subfield code="b">&#x643;&#x64A;&#x641; &#x62A;&#x62D;&#x642;&#x642;&#x647;&#x627; &#x628;&#x62F;&#x627;&#x62E;&#x644;&#x643; &#x648;&#x62A;&#x646;&#x639;&#x645; &#x628;&#x647;&#x627; &#x62D;&#x648;&#x644;&#x643; &#x61F; /</subfield>
    <subfield code="c">&#x623;&#x62D;&#x645;&#x62F; &#x647;&#x627;&#x631;&#x648;&#x646;</subfield>
  </datafield>
  <datafield tag="250" ind1=" " ind2=" ">
    <subfield code="a">&#x637;1</subfield>
  </datafield>
  <datafield tag="260" ind1="3" ind2=" ">
    <subfield code="a">&#x627;&#x644;&#x642;&#x627;&#x647;&#x631;&#x629; :</subfield>
    <subfield code="b">"&#x62F;&#x627;&#x631; &#x627;&#x644;&#x631;&#x627;&#x64A;&#x629; &#x644;&#x644;&#x646;&#x634;&#x631; &#x648;&#x627;&#x644;&#x62A;&#x648;&#x632;&#x64A;&#x639;&#x60C;"</subfield>
    <subfield code="c">2019.</subfield>
  </datafield>
  <datafield tag="300" ind1=" " ind2=" ">
    <subfield code="a">"292&#x635; &#x60C; [8&#x635;] :"</subfield>
    <subfield code="b">&#x625;&#x64A;&#x636; &#x61B;</subfield>
    <subfield code="c">21&#x633;&#x645;.</subfield>
  </datafield>
  <datafield tag="650" ind1=" " ind2=" ">
    <subfield code="a">"a</subfield>
    <subfield code=" ">&#x627;&#x644;&#x623;&#x62E;&#x644;&#x627;&#x642;&#x60C; &#x639;&#x644;&#x645;"</subfield>
  </datafield>
  <datafield tag="650" ind1=" " ind2=" ">
    <subfield code="a">&#x627;&#x644;&#x633;&#x639;&#x627;&#x62F;&#x629;</subfield>
  </datafield>
  <datafield tag="650" ind1=" " ind2=" ">
    <subfield code="a">&#x627;&#x644;&#x633;&#x644;&#x648;&#x643;</subfield>
  </datafield>
  <datafield tag="650" ind1=" " ind2=" ">
    <subfield code="a">&#x627;&#x644;&#x639;&#x644;&#x627;&#x642;&#x627;&#x62A; &#x627;&#x644;&#x625;&#x646;&#x633;&#x627;&#x646;&#x64A;&#x629;</subfield>
  </datafield>
  <datafield tag="650" ind1=" " ind2=" ">
    <subfield code="a">&#x639;&#x644;&#x645; &#x627;&#x644;&#x646;&#x641;&#x633; &#x627;&#x644;&#x627;&#x62C;&#x62A;&#x645;&#x627;&#x639;&#x649;</subfield>
  </datafield>
  <datafield tag="650" ind1=" " ind2=" ">
    <subfield code="a">&#x639;&#x644;&#x645; &#x627;&#x644;&#x646;&#x641;&#x633; &#x627;&#x644;&#x62A;&#x637;&#x628;&#x64A;&#x642;&#x649;</subfield>
  </datafield>
  <datafield tag="942" ind1=" " ind2=" ">
    <subfield code="c">BK</subfield>
  </datafield>
  <datafield tag="999" ind1=" " ind2=" ">
    <subfield code="c">67621</subfield>
    <subfield code="d">67621</subfield>
  </datafield>
  <datafield tag="952" ind1=" " ind2=" ">
    <subfield code="0">0</subfield>
    <subfield code="1">0</subfield>
    <subfield code="4">0</subfield>
    <subfield code="7">0</subfield>
    <subfield code="a">CAI</subfield>
    <subfield code="b">CAI</subfield>
    <subfield code="c">MAIN-LIBRARY</subfield>
    <subfield code="d">2025-06-22</subfield>
    <subfield code="l">0</subfield>
    <subfield code="r">2025-06-22 12:40:34</subfield>
    <subfield code="w">2025-06-22</subfield>
    <subfield code="y">BK</subfield>
  </datafield>
</record>
